Länder mit den meisten schweren Erdbeben - Statistiken

Allgemein
  • Dieses Quiz wurde 24.649 mal gespielt
  • Das Durchschnittsergebnis liegt bei 7 aus 10
Antwortstatistiken
# Land % Korrekt
16 Japan
94%
18 Vereinigte Staaten
90%
9 China
87%
28 Indonesien
72%
13 Russland
70%
11 Mexiko
68%
8 Philippinen
56%
21 Chile
52%
15 Peru
41%
10 Papua-Neuguinea
26%
Keine übereinstimmenden Quizze gefunden
Verteilung der Resultate
Anzahl Personen mit jedem Resultat
Perzentil nach korrekt beantworteten Fragen
Ihre Resultats-Entwicklung
Sie haben dieses Quiz noch nicht gespielt